Rappeur Américain de A-Z - Statistiques

Statistiques générales
  • Ce quiz a été pris 35 fois
  • Le résultat moyen est 5 sur 26
Statistiques - réponses
Lettre Ville d'origine Date Rappeur % Correct
E Saint Joseph 1973 Eminem
71%
X Plantation 1998-2018 XXXTentacion
48%
P New York 1999-2020 Pop Smoke
45%
S Long Beach 1971 Snoop Dogg
42%
A New York 1988 A$AP Rocky
32%
D Mount Vernon 1970-2021 DMX
29%
I South Central 1969 Ice Cube
29%
F Atlanta 1983 Future
23%
Q Athens 1991 Quavo
19%
C Chicago 1995 Chief Keef
16%
N Baton Rouge 1999 NBA Youngboy
16%
K Chicago 1994-2020 King Von
13%
B New York 1974-1999 Big L
10%
L Chicago 1992 Lil Durk
10%
R Compton 1998 Roddy Rich
10%
T Lawrenceville 1994-2022 Takeoff
10%
W Minot 1987 Wiz Khalifa
10%
G Birmingham 1980 Gucci Mane
6%
H Kinloch 1987-2020 Huey
3%
J Pittsburgh 1997-2018 Jimmy Wopo
3%
M Oakland 1962 MC Hammer
3%
O Chicago 1992-2014 OTF Nunu
3%
U Dallas 1978 Usher
3%
V Dallas 1967 Vanilla Ice
3%
Y Chicago 1995-2015 Young Pappy
3%
Z Houston 1977 Z-Ro
3%
Aucun quiz correspondant
Distribution des résultats
% des personnes avec chaque résultat
Percentile par nombre de réponses
Votre historique - résultats
Vous n’avez pas pris ce quiz